|
|
|
|
| LEADER |
01222cam a2200325 7i4500 |
| 001 |
0000036267 |
| 005 |
20200204090000.0 |
| 007 |
##ta |
| 008 |
200204t20182018my |
| 020 |
# |
# |
|a 9789834913007
|
| 040 |
# |
# |
|a MATR
|
| 090 |
0 |
0 |
|a B 651.74
|b MJA (LRM)
|
| 100 |
0 |
# |
|a Mohd Januri Aiyub
|e author
|
| 245 |
1 |
0 |
|a MANUAL DOKUMEN RASMI /
|c Mohd Januri Aiyub, Othman Hussain, Asnizar Zakaria.
|
| 264 |
# |
4 |
|a ♭2018.
|
| 264 |
# |
1 |
|a Kuala Lumpur:
|b Dewan Bahasa dan Pustaka,
|c 2018.
|
| 300 |
# |
# |
|a x, 156 pages:
|b illustrations;
|c 23 cm.
|
| 336 |
# |
# |
|a text
|2 rdacontent
|
| 337 |
# |
# |
|a unmediated
|2 rdamedia
|
| 338 |
# |
# |
|a volume
|2 rdacarrier
|
| 504 |
# |
# |
|a Includes bibliographical references and index : pages 151 - 152
|
| 650 |
1 |
0 |
|a Written communication --
|y Handbooks, manuals, etc.
|
| 650 |
2 |
0 |
|a Business communication --
|y Handbooks, manuals, etc.
|
| 650 |
2 |
0 |
|a Corporate minutes --
|y Handbooks, manuals, etc.
|
| 650 |
2 |
0 |
|a Letter writing --
|y Handbooks, manuals, etc.
|
| 650 |
2 |
0 |
|a Commercial correspondence --
|y Handbooks, manuals, etc.
|
| 650 |
2 |
0 |
|a Report writing --
|y Handbooks, manuals, etc.
|
| 700 |
1 |
# |
|a Othman Hussain
|
| 700 |
1 |
# |
|a Asnizar Zakaria
|
| 999 |
|
|
|a B000040990
|b Book
|c Malaysia
|e Business Information Centre
|